Normal view
MARC view
- Infantry
Entry Topical Term
001 - CONTROL NUMBER
- control field: 48921
003 - CONTROL NUMBER IDENTIFIER
- control field: NUST
005 - DATE AND TIME OF LATEST TRANSACTION
- control field: 20210314134206.0
008 - FIXED-LENGTH DATA ELEMENTS
- fixed length control field: 210314|| aca||aabn | a|a d
040 ## - CATALOGING SOURCE
- Original cataloging agency: NUST
- Transcribing agency: NUST
150 ## - HEADING--TOPICAL TERM
- Topical term or geographic name entry element: Infantry
670 ## - SOURCE DATA FOUND
- Source citation: Work cat.: (NUST): Attiqur Rahman, Mohammed, 46728, Reflections on infantry /, 1978.
